The dynamic nature of Apomixis in the angiosperms /
Αποθηκεύτηκε σε:
| Άλλοι συγγραφείς: | , , , |
|---|---|
| Μορφή: | Άρθρο |
| Γλώσσα: | English |
| Θέματα: | |
| Ετικέτες: |
Προσθήκη ετικέτας
Δεν υπάρχουν, Καταχωρήστε ετικέτα πρώτοι!
|
| Thư viện lưu trữ: | Thư viện Trường Đại học Đà Lạt |
|---|
| LEADER | 00939nam a2200325 4500 | ||
|---|---|---|---|
| 001 | DLU090067155 | ||
| 005 | ##20090407 | ||
| 040 | # | # | |a DLU |b eng |
| 041 | # | # | |a eng |
| 044 | # | # | |a us |
| 245 | # | # | |a The dynamic nature of Apomixis in the angiosperms / |c Jeannette Whitton ... [et al.]. |
| 653 | # | # | |a Apomisix |
| 653 | # | # | |a Asexual reproduction |
| 653 | # | # | |a Cost of sex |
| 653 | # | # | |a Crepis |
| 653 | # | # | |a Polyploidy |
| 700 | # | # | |a Baack, Eric J. |
| 700 | # | # | |a Otto, Sarah P. |
| 700 | # | # | |a Sears, Christopher J. |
| 700 | # | # | |a Whitton, Jeannette. |
| 773 | # | # | |t International Journal of Plant Sciences |g Vol. 169, no. 1 (January 2008), p. 169-182 |
| 920 | # | # | |a Phòng Tạp chí -- Trung tâm Thông tin - Thư viện Trường Đại học Đà Lạt |
| 994 | # | # | |a DLU |
| 900 | # | # | |a True |
| 911 | # | # | |a Trương Bảo Trâm Anh |
| 925 | # | # | |a G |
| 926 | # | # | |a A |
| 927 | # | # | |a BB |
| 980 | # | # | |a Thư viện Trường Đại học Đà Lạt |